Klimax lesných ekosystémov - mýtus a realita

Prales, prírodný les, prirodzený les - charakteristika, rozlišovanie uvedených formácií lesa. Klimax predstavuje koncové štádium prírodnej sukcesie. Klimaxová lesná geobiocenóza. Klimaxové lesy prírodných rezervácií. Mýtus o klimaxových lesoch Tatranského národného parku. Realita o klimaxových lesoc...

Ausführliche Beschreibung

Gespeichert in:
Bibliographische Detailangaben
1. Verfasser: Vološčuk, Ivan
Format: Buchkapitel
Sprache:Slowakisch
Schlagworte:
Tags: Tag hinzufügen
Keine Tags, Fügen Sie das erste Tag hinzu!

MARC

LEADER 00000naa a2200000 4500
001 0143697
005 20231128133326.4
041 0 |a slo 
044 |a SK 
245 1 0 |a Klimax lesných ekosystémov - mýtus a realita  |c Ivan Vološčuk 
520 |a Prales, prírodný les, prirodzený les - charakteristika, rozlišovanie uvedených formácií lesa. Klimax predstavuje koncové štádium prírodnej sukcesie. Klimaxová lesná geobiocenóza. Klimaxové lesy prírodných rezervácií. Mýtus o klimaxových lesoch Tatranského národného parku. Realita o klimaxových lesoch Tatranského národného parku. 
610 2 0 |a lesy 
610 2 0 |a ekológia 
610 2 0 |a ochrana prostredia životného 
610 2 0 |a Slovensko 
100 1 |a Vološčuk, Ivan